Veřejné finance úvod do problematiky

Saved in:
Bibliographic Details
Main Author: Peková, Jitka
Format: Book
Language:Czech
Published: Praha ASPI Wolters Kluwer 2008
Edition:4. aktualiz. a rozšíř. vyd.
Subjects:
Tags: Add Tag
No Tags, Be the first to tag this record!

MARC

LEADER 00000nam$a2200000$$$4500
001 0090949
005 20240226134357.0
020 |a 978-80-7357-358-4 
041 0 |a cze 
044 |a CZ 
245 1 0 |a Veřejné finance  |b úvod do problematiky  |c Jitka Peková 
250 |a 4. aktualiz. a rozšíř. vyd. 
264 1 |a Praha  |b ASPI Wolters Kluwer  |c 2008 
300 |a 579 s. 
610 2 0 |a financie verejné 
610 2 0 |a sektor verejný 
610 2 0 |a správa verejná 
610 2 0 |a sústava rozpočtová 
610 2 0 |a rozpočet štátny 
610 2 0 |a výdavky verejné 
610 2 0 |a zabezpečenie sociálne 
610 2 0 |a financovanie 
610 2 0 |a príjmy 
610 2 0 |a teórie daňové 
610 2 0 |a politika fiškálna 
610 2 0 |a modely 
610 2 0 |a deficit rozpočtový 
610 2 0 |a dlhy verejné 
610 2 0 |a spolupráca medzinárodná 
610 2 0 |a globalizácia 
610 2 0 |a rozpočty 
610 2 0 |a Česko 
610 2 0 |a Európska únia 
100 1 |a Peková, Jitka